5HLuxD.jpg

KING HENRY VIII SENIOR AND PRIMARY SCHOOL LIBRARY OPAC

Eagle Strike / (Record no. 3721)

000 -LEADER
fixed length control field 01182nam a22002417a 4500
003 - CONTROL NUMBER IDENTIFIER
control field OSt
005 - DATE AND TIME OF LATEST TRANSACTION
control field 20241003092232.0
008 - FIXED-LENGTH DATA ELEMENTS--GENERAL INFORMATION
fixed length control field 241003b ||||| |||| 00| 0 eng d
020 ## - INTERNATIONAL STANDARD BOOK NUMBER
International Standard Book Number 9781406360226
040 ## - CATALOGING SOURCE
Transcribing agency KH8
082 ## - DEWEY DECIMAL CLASSIFICATION NUMBER
Classification number FIC HOR
100 ## - MAIN ENTRY--PERSONAL NAME
Personal name Horowitz, Anthony,
Dates associated with a name 1955-
Relator term author.
245 ## - TITLE STATEMENT
Title Eagle Strike /
Remainder of title Anthony Horowitz.
260 ## - PUBLICATION, DISTRIBUTION, ETC.
Place of publication, distribution, etc. London;
Name of publisher, distributor, etc. Walker,
Date of publication, distribution, etc. 2015.
300 ## - PHYSICAL DESCRIPTION
Extent 310 pages :
Dimensions 20cm.
490 ## - SERIES STATEMENT
Series statement Alex rider
Volume/sequential designation bk. 4
520 ## - SUMMARY, ETC.
Summary, etc. Sir Damian Cray is a philanthropist, peace activist, and the world's most famouspop star. But still it's not enough. He needs more if he is to save the world. Trouble is, only Alex Rider recognizes that it's the world that needs saving from Sir Damian Cray. Underneath the luster of glamour and fame lies a twisted mind, ready to sacrifice the world for his beliefs. But in the past, Alex has always had the backing of the government. This time, he's on his own. Can one teenager convince the world that the most popular man on earth is a madman bent on destruction-before time runs out?
650 ## - SUBJECT ADDED ENTRY--TOPICAL TERM
Topical term or geographic name entry element Children's stories
650 ## - SUBJECT ADDED ENTRY--TOPICAL TERM
Topical term or geographic name entry element Spy fiction
650 ## - SUBJECT ADDED ENTRY--TOPICAL TERM
Topical term or geographic name entry element Spy stories
830 ## - SERIES ADDED ENTRY--UNIFORM TITLE
Uniform title Alex rider
942 ## - ADDED ENTRY ELEMENTS (KOHA)
Source of classification or shelving scheme
Koha item type Books - Fiction
Holdings
Withdrawn status Lost status Source of classification or shelving scheme Damaged status Not for loan Collection code Permanent Location Current Location Shelving location Date acquired Total Checkouts Full call number Barcode Date last seen Date last checked out Price effective from Koha item type
          Fiction KH8 Senior School Library KH8 Senior School Library Fiction 2024-10-03 4 FIC HOR 3KHSL000102063 2026-01-16 2026-01-12 2024-10-03 Books - Fiction

Powered By KH8 IT Dept